1129 1158 1291 1259 1169 1610 1405 1606 1806 1848 1842 1165 1422 1505 1716 1437 1346 1449 1419 1243 1706 1546 1607 1724 1239 1975 1058 1365 1399 1109 1392 1960 1141 1375 1116 1148 1471 1933 1847 1490 1227 1166 1603 1767 1402 1117 1422 1533 1486 1123 1526 1424 1966 1073 1013 1898 1027 1527 1596 1633 1169 1793 1828 1154 1232 1916 1549 1755 1697 1326 1392 1952 1288 1050 1772 1882 1434 1532 2000 1575 1965 1991 1830 1027 1573 1237 1577 1385 1667 1749 1118 1379 1305 1814 1598 1536 1879 1074 1270 BCNSPRNW ULIB Ver.6.0+V

เปลี่ยนเป็นภาษาไทย

Change to English
 แสดงรายละเอียดบรรณานุกรม
  กลับหน้าหลัก

Brief Record : Get Marc (ISO 2709) : E-mail record : QR code < ปิดหน้าต่าง
LEADER : 00000nam 2200000uu 4500
001    13399124551
003     ULIB
008    150918s2557||||th 000 0 tha d
020    ^a9786167741130
060 04 ^aWY100^bอ317ก ล.2
100 0  ^aอรชร ศรีไทรล้วน, บรรณาธิการ
245 00 ^aการพยาบาลพื้นฐานเล่ม 2 =^bFundamentals of Nursing II /^cอรชร ศรีไทรล้วน, บรรณาธิการ
250    ^aพิมพ์ครั้งที่ 1 ( ราคา 230 บาท )
260    ^aกรุงเทพฯ :^bภาควิชาการบริหารการพยาบาลและพื้นฐานวิชาชีพ,^c2557
300    ^a193 หน้า :^bภาพประกอบ ; ตาราง ;^c26 ซม.
505 0  ^aบทที่ 1 บทบาทพยาบาลกับการบริหารยารับประทาน
505 0  ^aบทที่ 2 บทบาทพยาบาลในการใช้ความร้อนและความเย็นเพื่อการบำบัด
505 0  ^aบทที่ 3 การพยาบาลเพื่อตอบสนองความต้องการการพักผ่อนนอนหลับ
505 0  ^aบทที่ 4 บทบาทพยาบาลกับการบริหารยาฉีดและการให้สารละลายทางหลอดเลือดดำ
505 0  ^aบทที่ 5 บทบาทพยาบาลในการดูแลบุคคลที่มีปัญหาเกี่ยวกับการขับถ่ายปัสสาวะ
505 0  ^aบทที่ 6 บทบาทพยาบาลในการดูแลบุคคลที่มีปัญหาเกี่ยวกับการขับถ่ายอุจจาระ
505 0  ^aบทที่ 7 บทบาทพยาบาลในการดูแลผู้ป่วยที่มีบาดแผล
505 0  ^aบทที่ 8 บทบาทพยาบาลกับการใช้ผ้าพัน
650  7 ^aการพยาบาลพื้นฐาน
650  7 ^aพยาบาล
700 0  ^aสุภวรรณ วงศ์ธีรทรัพย์,^eบรรณาธิการ
700 0  ^aอมรรัตน์ เสตสุวรรณ,^eบรรณาธิการ
945    ^p230^l0^i039835
945    ^p230^l0^i039834
945    ^p230^l0^i039833
945    ^p230^l0^i039832
945    ^p230^l0^i039831
945    ^p230^l0^i039830
945    ^p230^l0^i039829
945    ^p230^l0^i039828
945    ^p230^l0^i039827
945    ^p230^l0^i039826
999    ^aเกษร โพธิ์สุวรรณ
รายการนี้ยังไม่มีแท็ก
คุณยังไม่ได้ล็อกอิน คุณสามารถมีกิจกรรมร่วมกับเว็บไซต์ได้ แต่ต้องล็อกอินก่อน ::
  ล็อกอิน

รายการสื่อสารสนเทศ

ลำดับที่ ประเภท เลขเรียก/บาร์โค้ด สถานที่ สถานะ
1. Book การพยาบาล
Book การพยาบาล
สถานะ=หนังสือเก่า
WY100 อ317ก ล.2 ฉ.1 
  Barcode: 039826
ห้องสมุดวิทยาเขตสวรรค์ประชารักษ์
►ส่วนจัดเก็บหนังสือเก่า สปร
บนชั้น
  ขอยืม
2. Book การพยาบาล
Book การพยาบาล
สถานะ=หนังสือเก่า
WY100 อ317ก ล.2 ฉ.10 
  Barcode: 039835
ห้องสมุดวิทยาเขตสวรรค์ประชารักษ์
►ส่วนจัดเก็บหนังสือเก่า สปร
บนชั้น
  ขอยืม
3. Book การพยาบาล
Book การพยาบาล
WY100 อ317ก ล.2 ฉ.2 
  Barcode: 039827
ห้องสมุดวิทยาเขตสวรรค์ประชารักษ์
►วารสาร
บนชั้น
  ขอยืม
4. Book การพยาบาล
Book การพยาบาล
สถานะ=หนังสือเก่า
WY100 อ317ก ล.2 ฉ.3 
  Barcode: 039828
ห้องสมุดวิทยาเขตสวรรค์ประชารักษ์
►ส่วนจัดเก็บหนังสือเก่า สปร
บนชั้น
  ขอยืม
5. Book การพยาบาล
Book การพยาบาล
สถานะ=หนังสือเก่า
WY100 อ317ก ล.2 ฉ.4 
  Barcode: 039829
ห้องสมุดวิทยาเขตสวรรค์ประชารักษ์
►ส่วนจัดเก็บหนังสือเก่า สปร
บนชั้น
  ขอยืม
6. Book การพยาบาล
Book การพยาบาล
สถานะ=หนังสือเก่า
WY100 อ317ก ล.2 ฉ.5 
  Barcode: 039830
ห้องสมุดวิทยาเขตสวรรค์ประชารักษ์
►ส่วนจัดเก็บหนังสือเก่า สปร
บนชั้น
  ขอยืม
7. Book การพยาบาล
Book การพยาบาล
WY100 อ317ก ล.2 ฉ.6 
  Barcode: 039831
ห้องสมุดวิทยาเขตสวรรค์ประชารักษ์
►วารสาร
บนชั้น
  ขอยืม
8. Book การพยาบาล
Book การพยาบาล
สถานะ=หนังสือเก่า
WY100 อ317ก ล.2 ฉ.7 
  Barcode: 039832
ห้องสมุดวิทยาเขตสวรรค์ประชารักษ์
►ส่วนจัดเก็บหนังสือเก่า สปร
บนชั้น
  ขอยืม
9. Book การพยาบาล
Book การพยาบาล
สถานะ=หนังสือเก่า
WY100 อ317ก ล.2 ฉ.8 
  Barcode: 039833
ห้องสมุดวิทยาเขตสวรรค์ประชารักษ์
►ส่วนจัดเก็บหนังสือเก่า สปร
บนชั้น
  ขอยืม
10. Book การพยาบาล
Book การพยาบาล
สถานะ=หนังสือเก่า
WY100 อ317ก ล.2 ฉ.9 
  Barcode: 039834
ห้องสมุดวิทยาเขตสวรรค์ประชารักษ์
►ส่วนจัดเก็บหนังสือเก่า สปร
บนชั้น
  ขอยืม

รายการใกล้เคียง
    ผู้แต่ง [อรชร ศรีไทรล้วน, บรรณาธิการ]

    หัวเรื่อง [การพยาบาลพื้นฐาน]
    หัวเรื่อง [พยาบาล]

BibComment


ยังไม่เคยถูกคอมเมนท์

คอมเมนท์ทรัพยากรรายการนี้
  คอมเมนท์: การพยาบาลพื้นฐาน..


 Copyright 2026. Bcnsprnw @Library